000 00360nam a2200133Ia 4500
008 240624s9999 xx 000 0 und d
041 _aeng
082 _a658.3 ROT
100 _aROTHWELL WILLIAM J
245 _aSTRATEGIC PLANNING FOR HUMAN RESOURCES
260 _c2005
_aMumbai
_bJaico Publishing House
300 _axx, : 490 : p. : cm. ; 24
365 _cRS
_b30
999 _c5498
_d5498